Megjelent a Fesztivál Magazin Száz színes oldal

Elmentve itt :
Bibliográfiai részletek
Dokumentumtípus: Cikk
Megjelent: 1986-06-24
Sorozat:Délmagyarország 76 No. 147
Kulcsszavak:Szabadtéri Játékok
Online Access:http://dmarchiv.bibl.u-szeged.hu/123501
LEADER 00432nab a2200145 i 4500
001 delm123501
005 20190913125831.0
008 190913s1986 hu o 0|| hun d
040 |a SZTE Délmagyarország Archívum  |b hun 
041 |a hun 
245 0 0 |a Megjelent a Fesztivál Magazin   |h [elektronikus dokumentum] :  |b Száz színes oldal 
260 |c 1986-06-24 
300 |a 4 
490 0 |a Délmagyarország  |v 76 No. 147 
695 |a Szabadtéri Játékok